| 000 | 00866nam a2200253 i 4500 | ||
|---|---|---|---|
| 001 | 110682 | ||
| 003 | ES-MaACL | ||
| 005 | 20231220062907.0 | ||
| 007 | t| | ||
| 008 | 070119s1988 sp ||||1| spa d | ||
| 020 | _a84-7046-460-4 | ||
| 080 | _a1 Dilthey, Wilhelm | ||
| 100 | 1 |
_aGabilondo, Ángel, _d1949- _9138768 |
|
| 245 | 1 | 0 |
_aDilthey _b: vida, expresión e historia / _cAngel Gabilondo Pujol ; prólogo de Juan Manuel Navarro Cordón. |
| 260 |
_aMadrid : _bCincel, _c1988. |
||
| 300 |
_a218 p. : _bil. ; _c19 cm. |
||
| 490 | 1 |
_aHistoria de la filosofía ; _v41 |
|
| 504 | _aBibliografía: p. 215-218. | ||
| 600 | 1 | 4 |
_aDilthey, Wilhelm- _xCrítica e interpretación. _944819 |
| 700 | 1 |
_aNavarro Cordón, Juan Manuel. _985111 |
|
| 830 | 1 |
_aHistoria de la filosofía ; _v41 _9181726 |
|
| 852 | 4 |
_aES-MaACL _jL-15608 |
|
| 999 |
_c110682 _d110682 |
||